[Event "EU Championship 4th"]
[Site "Liverpool"]
[Date "2008.09.11"]
[Round "3.30"]
[White "Haslinger, Stewart G"]
[Black "Lawson, Andrew"]
[Result "1-0"]
[WhiteElo "2511"]
[BlackElo "2200"]
[PlyCount "99"]
[EventDate "2008.09.09"]

1. e4 c6 2. d4 d5 3. e5 Bf5 4. Nd2 e6 5. Nb3 c5 6. dxc5 Bxc5 7. Nxc5 Qa5+ 8. c3
Qxc5 9. Qa4+ Nc6 10. Nf3 Nge7 11. Be3 Qa5 12. Qxa5 Nxa5 13. Nd4 a6 14. Nxf5
Nxf5 15. Bb6 Nc4 16. Bxc4 dxc4 17. O-O-O Ne7 18. Rd6 Nf5 19. Rd2 Ne7 20. Rd6
Nf5 21. Rd2 Ne7 22. g3 Nd5 23. Bc5 Rc8 24. Bb4 Kd7 25. Rd4 b5 26. b3 a5 27.
Bxa5 cxb3 28. a3 Ra8 29. Bb4 Kc6 30. Kb2 Ra4 31. Kxb3 Rha8 32. Ra1 g6 33. Kb2
R8a7 34. Rad1 Ra8 35. f4 h5 36. h3 R4a7 37. R1d3 Ra4 38. Kc1 Kb6 39. Kd2 Kc6
40. Ke2 R4a7 41. Kf3 Rd8 42. c4 bxc4 43. Rxc4+ Kb5 44. Rc5+ Kb6 45. Rc1 Kb5 46.
Bd6 Ra4 47. Rb3+ Ka6 48. Bb8 h4 49. Rc6+ Ka5 50. Rc7 1-0

[Event "EU Championship 4th"]
[Site "Liverpool"]
[Date "2008.09.11"]
[Round "3.31"]
[White "Meijers, Viesturs"]
[Black "Blackburn, Jonathan LB"]
[Result "1-0"]
[WhiteElo "2496"]
[BlackElo "2196"]
[PlyCount "109"]
[EventDate "2008.09.09"]

1. c4 e6 2. b3 b6 3. Bb2 Bb7 4. e3 c5 5. Nf3 Nf6 6. g3 d5 7. Bg2 Nbd7 8. O-O
Be7 9. d3 Qc7 10. Nc3 a6 11. Rc1 O-O 12. Qe2 Rac8 13. Rfd1 Qb8 14. cxd5 exd5
15. Bh3 Rcd8 16. Nb1 Bc6 17. Nh4 Rfe8 18. d4 Bb5 19. Qc2 c4 20. Na3 Rc8 21.
Nxb5 axb5 22. Nf3 Rc7 23. Ne5 Nf8 24. Qe2 Bd6 {(=)} 25. a4 bxa4 26. bxc4 a3 27.
Ba1 Qb7 28. cxd5 Rxc1 29. Rxc1 b5 30. Rb1 b4 31. Nc4 Qa6 32. Qc2 Nxd5 33. Nxd6
Qxd6 34. e4 Qh6 35. Bg2 Nb6 36. Qb3 Qd2 37. Rd1 Qe2 38. Bf1 Qh5 39. Rb1 Rxe4
40. Qxb4 a2 41. Rc1 Qh6 42. Qb2 Nd5 43. Qa3 Re8 44. Bc4 Ra8 45. Qb2 Rb8 46. Qc2
Nb6 47. Ba6 Nd5 48. Bf1 Nb4 49. Qd1 Nd5 50. Bc4 Rc8 51. Bb2 Nb4 52. Bxf7+ Kxf7
53. Rxc8 Nd7 54. Qb3+ Qe6 55. Qxb4 1-0

[Event "EU Championship 4th"]
[Site "Liverpool"]
[Date "2008.09.11"]
[Round "3.32"]
[White "Limontaite, Simona"]
[Black "Sebenik, Matej"]
[Result "0-1"]
[WhiteElo "2200"]
[BlackElo "2485"]
[PlyCount "64"]
[EventDate "2008.09.09"]

1. d4 Nf6 2. c4 g6 3. Nc3 d5 4. cxd5 Nxd5 5. Bd2 Bg7 6. e4 Nb6 7. Be3 O-O 8.
Be2 Nc6 9. Nf3 Bg4 10. d5 Bxf3 11. gxf3 Ne5 12. Qb3 c6 13. f4 Ned7 14. dxc6
bxc6 15. h4 e6 16. h5 Qe7 17. hxg6 hxg6 18. O-O-O Rab8 19. Rdg1 Nd5 20. Qa4
Nxc3 21. bxc3 Nc5 22. Qc4 Nxe4 23. Qxe4 Qa3+ 24. Kd1 Qxc3 25. Bd3 Rb4 26. Ke2
Rxe4 27. Bxe4 Qc4+ 28. Kf3 f5 29. Bb1 c5 30. Rd1 Bd4 31. Rhe1 e5 32. fxe5 Qd5+
0-1

[Event "EU Championship 4th"]
[Site "Liverpool"]
[Date "2008.09.11"]
[Round "3.33"]
[White "Davies, Nigel R"]
[Black "Surtees, Mike J"]
[Result "1-0"]
[WhiteElo "2478"]
[BlackElo "2182"]
[PlyCount "57"]
[EventDate "2008.09.09"]

1. g3 e5 2. c4 d6 3. Bg2 c6 4. e4 Be6 5. d3 Na6 6. Ne2 g6 7. O-O Bg7 8. Nbc3
Ne7 9. b3 c5 10. f4 Qd7 11. Be3 Bh3 12. Bxh3 Qxh3 13. Qd2 O-O 14. Rf2 h6 15.
Raf1 f5 16. Nb5 Rfd8 17. Nec3 Rd7 18. Qe2 b6 19. exf5 Nxf5 20. Bd2 Kh7 21. Nd5
Re8 22. g4 Nh4 23. f5 gxf5 24. gxf5 Rg8 25. Kh1 Rf7 26. Nxd6 Rff8 27. Ne7 Bf6
28. Nxg8 Rxg8 29. Ne4 1-0

[Event "EU Championship 4th"]
[Site "Liverpool"]
[Date "2008.09.11"]
[Round "3.34"]
[White "Redmond, John P"]
[Black "McNab, Colin A"]
[Result "0-1"]
[WhiteElo "2188"]
[BlackElo "2450"]
[PlyCount "78"]
[EventDate "2008.09.09"]

1. c4 g6 2. Nc3 Bg7 3. g3 d6 4. Bg2 e5 5. d3 Ne7 6. e4 Nbc6 7. Nge2 O-O 8. O-O
h6 9. Nd5 Nxd5 10. cxd5 Ne7 11. Be3 f5 12. Qd2 Kh7 13. Rac1 c5 14. dxc6 bxc6
15. exf5 gxf5 16. f4 Be6 17. b3 Qd7 18. Rfd1 Bd5 19. Nc3 Bxg2 20. Qxg2 Rae8 21.
d4 exf4 22. Bxf4 Ng6 23. Qf3 Rf7 24. Rd3 Rfe7 25. Rf1 Re4 26. Qd1 Nxf4 27. gxf4
Bxd4+ 28. Kh1 Bxc3 29. Rxc3 Rg8 30. Qh5 Qe6 31. Rcf3 d5 32. Rg3 Rxg3 33. hxg3
Re2 34. Qf3 Qe4 35. Qxe4 fxe4 36. f5 d4 37. f6 Kg8 38. Rd1 d3 39. Kg1 Kf7 0-1

[Event "EU Championship 4th"]
[Site "Liverpool"]
[Date "2008.09.11"]
[Round "3.35"]
[White "Pileckis, Emilis"]
[Black "Williamson, Roger G"]
[Result "1-0"]
[WhiteElo "2443"]
[BlackElo "2169"]
[PlyCount "73"]
[EventDate "2008.09.09"]

1. Nf3 d5 2. d4 e6 3. c4 c5 4. cxd5 exd5 5. Nc3 Nc6 6. g3 Nf6 7. Bg2 Be7 8. O-O
O-O 9. Bg5 cxd4 10. Nxd4 h6 11. Be3 Re8 12. Nxc6 bxc6 13. Rc1 Bf8 14. Bd4 Bg4
15. h3 Bd7 16. e3 Nh7 17. Na4 Ng5 18. Kh2 Ne4 19. Bc5 Nxc5 20. Nxc5 Bf5 21. Qe2
Qb6 22. Na4 Qa5 23. Qd1 Rac8 24. a3 Be4 25. b4 Qa6 26. Qb3 Bd3 27. Rfd1 Bc4 28.
Qc2 Qb7 29. Qc3 g6 30. Nc5 Bxc5 31. bxc5 Qa6 32. Rd4 Rb8 33. Rh4 Rb3 34. Qf6
Re6 35. Qd8+ Kg7 36. Rxh6 Re8 37. Qxe8 1-0

[Event "EU Championship 4th"]
[Site "Liverpool"]
[Date "2008.09.11"]
[Round "3.36"]
[White "Bennett, Patrick"]
[Black "Dembo, Yelena"]
[Result "0-1"]
[WhiteElo "2120"]
[BlackElo "2431"]
[PlyCount "116"]
[EventDate "2008.09.09"]

1. d4 Nf6 2. c4 g6 3. Nc3 Bg7 4. e4 d6 5. Be2 O-O 6. Nf3 e5 7. dxe5 dxe5 8.
Qxd8 Rxd8 9. Bg5 Re8 10. Nd5 Nxd5 11. cxd5 c6 12. Bc4 cxd5 13. Bxd5 Nd7 14. Nd2
h6 15. Be3 Nf6 16. Bc4 Bd7 17. f3 b5 18. Bb3 a5 19. a3 a4 20. Bd1 Bf8 21. O-O
Nh5 22. g3 f5 23. Be2 f4 24. Bf2 Ng7 25. gxf4 Ne6 26. fxe5 Nf4 27. Rfe1 Nh3+
28. Kg2 Nxf2 29. Kxf2 Bc5+ 30. Kg2 Bd4 31. Rad1 Bxb2 32. Nb1 Re7 33. e6 Bxe6
34. Bxb5 Ra5 35. Be2 Kg7 36. Rd2 Be5 37. Rc2 Bf4 38. Nd2 Rd7 39. Nf1 Bb3 40.
Rc6 Bd6 41. Ra1 Rc5 42. Rxc5 Bxc5 43. Bb5 Rd1 44. Rxd1 Bxd1 45. Nd2 Bxa3 46.
Kf2 Bd6 47. h3 a3 48. Bc4 Bb4 49. Nf1 Bc5+ 50. Ne3 Bc2 51. Ba2 Bd3 52. e5 g5
53. e6 Kf6 54. Bb3 Bb1 55. Ke2 Bxe3 56. Kxe3 a2 57. Bxa2 Bxa2 58. f4 Bxe6 0-1

[Event "EU Championship 4th"]
[Site "Liverpool"]
[Date "2008.09.11"]
[Round "3.37"]
[White "Yeo, Michael J"]
[Black "D'Costa, Lorin A R"]
[Result "0-1"]
[WhiteElo "2110"]
[BlackElo "2414"]
[PlyCount "70"]
[EventDate "2008.09.09"]

1. e4 c5 2. Nf3 d6 3. d4 cxd4 4. Nxd4 Nf6 5. Nc3 Nc6 6. Bg5 e6 7. Qd2 a6 8.
O-O-O Bd7 9. f4 b5 10. Bxf6 gxf6 11. Nf3 b4 12. Ne2 Qb6 13. Ng3 Be7 14. f5 h5
15. h4 O-O-O 16. Bd3 a5 17. Kb1 Kb7 18. Qe2 a4 19. Bb5 a3 20. b3 Rdg8 21. Rh3
Rg4 22. c4 bxc3 23. Bxc6+ Qxc6 24. Nd4 Qc5 25. Qf3 d5 26. Nc2 Bc6 27. Nxh5 Rxe4
28. fxe6 fxe6 29. Nxf6 Rexh4 30. Rxh4 Rxh4 31. Ng8 d4 32. Qg3 Qg5 33. Qxg5 Bxg5
34. Nxd4 Be4+ 35. Nc2 Rh8 0-1

[Event "EU Championship 4th"]
[Site "Liverpool"]
[Date "2008.09.11"]
[Round "3.38"]
[White "Houska, Jovanka"]
[Black "Czaja, Wojciech"]
[Result "1-0"]
[WhiteElo "2405"]
[BlackElo "2103"]
[PlyCount "45"]
[EventDate "2008.09.09"]

1. d4 d5 2. Nf3 Nf6 3. c4 c6 4. e3 e6 5. Bd3 Bb4+ 6. Nbd2 O-O 7. Qc2 Nbd7 8. b3
Re8 9. Bb2 Bd6 10. Ne5 Nf8 11. O-O N6d7 12. e4 f6 13. Nef3 Bb8 14. Rfe1 b6 15.
cxd5 c5 16. dxe6 Nxe6 17. e5 Ndf8 18. Be4 fxe5 19. dxc5 Nxc5 20. Bxa8 Nd3 21.
Re3 Nxb2 22. Qxb2 e4 23. Bxe4 1-0

[Event "EU Championship 4th"]
[Site "Liverpool"]
[Date "2008.09.11"]
[Round "3.39"]
[White "Estremera Panos, Sergio"]
[Black "Ellis, Mark"]
[Result "1-0"]
[WhiteElo "2394"]
[BlackElo "2100"]
[PlyCount "67"]
[EventDate "2008.09.09"]

1. d4 Nf6 2. c4 Nc6 3. Nf3 e6 4. a3 g6 5. Nc3 Bg7 6. e4 d6 7. h3 O-O 8. Be3 Re8
9. Bd3 Nd7 10. Bc2 Nb6 11. b3 a5 12. Rc1 e5 13. d5 Nd4 14. Nxd4 exd4 15. Bxd4
Bxd4 16. Qxd4 Qg5 17. Qe3 Qxe3+ 18. fxe3 a4 19. Nb5 Re7 20. b4 f5 21. Bb1 fxe4
22. O-O h5 23. c5 dxc5 24. Rxc5 Bf5 25. d6 cxd6 26. Nxd6 Kg7 27. Rfxf5 Rd8 28.
Nxb7 Rdd7 29. Rf4 Rxb7 30. Bxe4 Rbd7 31. Rc6 Nd5 32. Rxg6+ Kh7 33. Rd6+ Rxe4
34. Rxd7+ 1-0

[Event "EU Championship 4th"]
[Site "Liverpool"]
[Date "2008.09.11"]
[Round "3.40"]
[White "Horner, Jeff"]
[Black "Owen, Dennis"]
[Result "1-0"]
[WhiteElo "2372"]
[BlackElo "2095"]
[PlyCount "39"]
[EventDate "2008.09.09"]

1. e4 c5 2. Nf3 e6 3. Nc3 d5 4. exd5 exd5 5. d4 c4 6. Ne5 Be6 7. Be2 Nf6 8. O-O
Nc6 9. b3 cxb3 10. axb3 Qb6 11. Nxc6 bxc6 12. Ra6 Qb4 13. Rxc6 Bd7 14. Rxf6
gxf6 15. Nxd5 Qd6 16. Bf3 O-O-O 17. Qd3 Bc6 18. Bf4 Qd7 19. Bg4 Qxg4 20. Qa6+
1-0

[Event "EU Championship 4th"]
[Site "Liverpool"]
[Date "2008.09.11"]
[Round "3.41"]
[White "Astaneh Lopez, Alex"]
[Black "Robertson, David J"]
[Result "1-0"]
[WhiteElo "2357"]
[BlackElo "2085"]
[PlyCount "97"]
[EventDate "2008.09.09"]

1. Nf3 d5 2. g3 Nf6 3. Bg2 c6 4. O-O Bg4 5. d3 Nbd7 6. c4 e6 7. Nbd2 Be7 8. b3
O-O 9. Bb2 Bxf3 10. Nxf3 Ne8 11. e4 dxe4 12. dxe4 Nc5 13. e5 a5 14. Nd4 Nc7 15.
Bc3 N7a6 16. Qd2 Nb8 17. Qc2 Qc7 18. f4 Nbd7 19. Kh1 g6 20. Rae1 Rfe8 21. g4
Bf8 22. Re3 Bg7 23. Rh3 Rad8 24. a3 Nb8 25. b4 axb4 26. axb4 Ncd7 27. g5 Nb6
28. Qe2 Nc8 29. Qf2 Nd7 30. b5 Ne7 31. bxc6 Nxc6 32. Nb5 Qb6 33. Nd6 Qxf2 34.
Rxf2 Nc5 35. Nxe8 Rxe8 36. Bxc6 bxc6 37. Bd4 Bf8 38. Bxc5 Bxc5 39. Rd2 Bb4 40.
Rd7 Kg7 41. Rhd3 Ra8 42. Rb7 Ra1+ 43. Kg2 Ra2+ 44. Kh3 c5 45. Rdd7 Ra3+ 46. Kg4
h5+ 47. gxh6+ Kxh6 48. Rxf7 Ra7 49. Rh7# 1-0

[Event "EU Championship 4th"]
[Site "Liverpool"]
[Date "2008.09.11"]
[Round "3.42"]
[White "Di Michele, Rocco"]
[Black "Rudd, Jack"]
[Result "0-1"]
[WhiteElo "2096"]
[BlackElo "2345"]
[PlyCount "66"]
[EventDate "2008.09.09"]

1. f4 Nf6 2. Nf3 d5 3. e3 g6 4. Be2 Bg7 5. O-O O-O 6. d3 c5 7. Qe1 Nc6 8. Qh4
Re8 9. Nc3 d4 10. Nd1 Nb4 11. e4 Nxc2 12. Rb1 Nxe4 13. dxe4 d3 14. Bxd3 Qxd3
15. f5 Nd4 16. Ng5 h6 17. fxg6 fxg6 18. Nf7 Rf8 19. Bxh6 Ne2+ 20. Kh1 Ng3+ 21.
hxg3 Qxf1+ 22. Kh2 Rxf7 23. Nc3 Qf2 24. Nd5 e6 25. Be3 Qc2 26. Rc1 Qe2 27. Qd8+
Rf8 28. Ne7+ Kh7 29. Qd2 Qxd2 30. Bxd2 b6 31. Rh1 Bd4 32. g4 Kg7 33. g3 Rf2+
0-1

[Event "EU Championship 4th"]
[Site "Liverpool"]
[Date "2008.09.11"]
[Round "3.43"]
[White "De Coverly, Roger D"]
[Black "Radovanovic, Jovica"]
[Result "1/2-1/2"]
[WhiteElo "2082"]
[BlackElo "2325"]
[PlyCount "94"]
[EventDate "2008.09.09"]

1. Nf3 d5 2. g3 c5 3. Bg2 Nf6 4. O-O g6 5. d4 cxd4 6. Nxd4 Bg7 7. c4 dxc4 8.
Na3 O-O 9. Nxc4 Ng4 10. e3 Nc6 11. Nxc6 bxc6 12. Qxd8 Rxd8 13. Na5 Ba6 14. Re1
Ne5 15. Nxc6 Nxc6 16. Bxc6 Rab8 17. a4 Rb6 18. Bb5 Bb7 19. Ra2 Rbd6 20. Be2 Rc8
21. b3 Bd5 22. Ba3 Rdc6 23. Bb5 Bxb3 24. Bxc6 Bxa2 25. Rc1 {(=)} e6 26. Bd7
Rxc1+ 27. Bxc1 Bc3 28. Bb5 Kg7 29. Kf1 f5 30. Ke2 Kf6 31. Bd2 Be5 32. Bb4 Bc7
33. a5 g5 34. Kd3 e5 35. Kc3 g4 36. Kb2 Bd5 37. Ka3 Ke6 38. Ka4 Ba2 39. Bc5 Bb8
40. Kb4 Kd5 41. Bd7 Bb1 42. Bc8 Kc6 43. Be6 Bd3 44. Bg8 h6 45. Bf7 a6 46. Bf8
Bd6+ 47. Bxd6 Kxd6 1/2-1/2

[Event "EU Championship 4th"]
[Site "Liverpool"]
[Date "2008.09.11"]
[Round "3.44"]
[White "Daly, Colm"]
[Black "Doran, Chris"]
[Result "1-0"]
[WhiteElo "2311"]
[BlackElo "2075"]
[PlyCount "80"]
[EventDate "2008.09.09"]

1. d4 Nf6 2. c4 g6 3. Nc3 Bg7 4. e4 d6 5. Nf3 O-O 6. Be2 e5 7. O-O Nc6 8. d5
Ne7 9. Bg5 h6 10. Bxf6 Bxf6 11. b4 Bg5 12. c5 f5 13. Qb3 fxe4 14. Nxe4 Nf5 15.
Rad1 Kg7 16. a4 Qe7 17. a5 Nh4 18. g3 Nxf3+ 19. Bxf3 Bf5 20. Bg2 h5 21. Qc3 Bf6
22. h4 Rac8 23. Qe3 Bxe4 24. Bxe4 b6 25. cxb6 cxb6 26. axb6 axb6 27. Rc1 g5 28.
Rxc8 Rxc8 29. Qf3 gxh4 30. Qxh5 Rc7 31. Ra1 Qf7 32. Qg4+ Kh6 33. Ra3 Qh5 34.
Qe6 Kg7 35. Rf3 Rf7 36. gxh4 Qxh4 37. Rg3+ Kf8 38. Bg6 Re7 39. Qc8+ Kg7 40.
Be4+ Bg5 1-0

[Event "EU Championship 4th"]
[Site "Liverpool"]
[Date "2008.09.11"]
[Round "3.45"]
[White "Carleton, John J"]
[Black "McCarthy, Jim"]
[Result "1-0"]
[WhiteElo "2305"]
[BlackElo "2084"]
[PlyCount "53"]
[EventDate "2008.09.09"]

1. d4 d5 2. c4 c6 3. Nc3 dxc4 4. e4 b5 5. a4 b4 6. Nce2 Nf6 7. Ng3 e5 8. Nf3
exd4 9. Bxc4 Bc5 10. e5 Nd5 11. O-O Bg4 12. h3 Bxf3 13. Qxf3 Nd7 14. Nf5 Kf8
15. Bxd5 cxd5 16. Qxd5 Rc8 17. Nd6 Bxd6 18. Qxd6+ Qe7 19. Qxd4 Nxe5 20. Be3 Nc6
21. Qd5 Qe6 22. Qb5 Rb8 23. Qc5+ Kg8 24. Bf4 Rb6 25. Rfe1 Qc8 26. Qf5 Qa8 27.
Qd7 1-0

[Event "EU Championship 4th"]
[Site "Liverpool"]
[Date "2008.09.11"]
[Round "3.46"]
[White "White, Michael J R"]
[Black "Taylor, Edward H"]
[Result "1-0"]
[WhiteElo "2289"]
[BlackElo "2067"]
[PlyCount "89"]
[EventDate "2008.09.09"]

1. e4 d5 2. exd5 Nf6 3. Nf3 Qxd5 4. d4 Bg4 5. Be2 Nc6 6. h3 Bxf3 7. Bxf3 Qd7 8.
O-O O-O-O 9. c3 e5 10. Qb3 exd4 11. cxd4 Nd5 12. Nc3 Nb6 13. Be3 f5 14. Rac1
Na5 15. Qc2 Nac4 16. Bg5 Re8 17. a4 h6 18. Bf4 g5 19. Bxc7 Kxc7 20. a5 Kb8 21.
axb6 Nxb6 22. Nb5 Rc8 23. Qb3 a6 24. Na3 g4 25. hxg4 fxg4 {(=)} 26. Bxg4 Qxg4
27. Qxb6 Be7 28. Nc4 Rhg8 29. Ne3 Qf4 30. Rxc8+ Rxc8 31. Qe6 Bd6 32. g3 Qf8 33.
Nc4 Bc7 34. Ne5 Bxe5 35. dxe5 Ka8 36. Qg6 Re8 37. e6 h5 38. Re1 h4 39. g4 h3
40. Qf7 Qb4 41. Qxe8+ Ka7 42. Re3 Qxg4+ 43. Rg3 h2+ 44. Kxh2 Qh4+ 45. Kg1 1-0

[Event "EU Championship 4th"]
[Site "Liverpool"]
[Date "2008.09.11"]
[Round "3.47"]
[White "Cruz Alvarez de Ron, Dan"]
[Black "Fraser-Mitchell, Jeremy N"]
[Result "1/2-1/2"]
[WhiteElo "2278"]
[BlackElo "2018"]
[PlyCount "90"]
[EventDate "2008.09.09"]

1. g3 e5 2. Bg2 Nc6 3. d3 d6 4. c3 g6 5. b4 a6 6. Bb2 Bg7 7. Nd2 Nge7 8. a4 Be6
9. Ngf3 h6 10. b5 axb5 11. axb5 Rxa1 12. Qxa1 Nb8 13. Qa8 b6 14. c4 O-O 15. O-O
f5 16. Ra1 Nd7 17. Qxd8 Rxd8 18. Ra7 Rc8 19. Ba3 g5 20. Nb3 Ng6 21. Nfd2 Nf6
22. Bb7 Rd8 23. Bc6 Rc8 24. d4 Bf7 25. c5 dxc5 26. dxc5 Bd5 27. Rb7 Bf8 28. f3
Ne7 29. Bxd5+ Nexd5 30. Bb2 bxc5 31. Bxe5 Nd7 32. Bb2 N7b6 33. e4 fxe4 34. fxe4
c4 35. exd5 cxb3 36. Nxb3 Bd6 37. Kg2 Nxd5 38. Kf3 Re8 39. Bd4 h5 40. h3 h4 41.
gxh4 gxh4 42. Nd2 Bg3 43. Bc5 Nc3 44. Kg4 Ne4 45. Nxe4 Rxe4+ 1/2-1/2

[Event "EU Championship 4th"]
[Site "Liverpool"]
[Date "2008.09.11"]
[Round "3.48"]
[White "Fox, Anthony"]
[Black "Paulet, Iozefina"]
[Result "0-1"]
[WhiteElo "2068"]
[BlackElo "2275"]
[PlyCount "78"]
[EventDate "2008.09.09"]

1. e4 c5 2. Nc3 d6 3. g3 Nc6 4. Bg2 g6 5. d3 Bg7 6. Be3 Nf6 7. h3 O-O 8. Nge2
Nd7 9. O-O Rb8 10. Qd2 Nd4 11. f4 b5 12. Nd1 b4 13. g4 a5 14. Ng3 a4 15. c3
bxc3 16. bxc3 Nb5 17. Rc1 Bb7 18. d4 Ba6 19. Rf2 Na3 20. e5 Nc4 21. Qe1 Qa5 22.
dxc5 dxe5 23. c6 exf4 24. Bxf4 Nde5 25. Bxe5 Nxe5 26. Be4 Qc7 27. Qe3 Nxc6 28.
Nb2 a3 29. Nd3 Bxd3 30. Bxd3 Ne5 31. Bf1 Rb2 32. Rcc2 Rfb8 33. Ne4 Qc6 34. Bg2
Qc4 35. Qa7 Rb1+ 36. Kh2 Nd3 37. Rfe2 Be5+ 38. Ng3 Bxg3+ 39. Kxg3 Qf4+ 0-1

[Event "EU Championship 4th"]
[Site "Liverpool"]
[Date "2008.09.11"]
[Round "3.49"]
[White "Turner, John M"]
[Black "Storey, Charles H"]
[Result "0-1"]
[WhiteElo "2065"]
[BlackElo "2268"]
[PlyCount "53"]
[EventDate "2008.09.09"]

1. d4 g6 2. e4 Bg7 3. Nc3 d6 4. Be3 Nd7 5. g3 c5 6. Nge2 Ngf6 7. h3 b6 8. Bg2
cxd4 9. Bxd4 Ba6 10. O-O Rc8 11. Re1 O-O 12. Qd2 Qc7 13. Rac1 e6 14. g4 Rfd8
15. Ng3 Ne5 16. b3 Nexg4 17. Nce2 Ne5 18. c4 Nc6 19. Bb2 b5 20. cxb5 Bxb5 21.
Nd4 Qb8 22. Nxb5 Qxb5 23. a4 Qb4 24. Bc3 Qxb3 25. Bxf6 Bxf6 26. Rxc6 Rxc6 27.
e5 0-1

[Event "EU Championship 4th"]
[Site "Liverpool"]
[Date "2008.09.11"]
[Round "3.50"]
[White "Zhou, Yang-Fan"]
[Black "Wood, Michael"]
[Result "1-0"]
[WhiteElo "2259"]
[BlackElo "1815"]
[PlyCount "47"]
[EventDate "2008.09.09"]

1. e4 e5 2. Nf3 Nc6 3. Bb5 d6 4. d4 exd4 5. Nxd4 Bd7 6. Nc3 Nf6 7. Bg5 Be7 8.
Bxc6 Bxc6 9. Nxc6 bxc6 10. Qd3 O-O 11. f4 Rb8 12. O-O-O Ng4 13. Bxe7 Qxe7 14.
Qf3 Nf6 15. Rhe1 d5 16. exd5 Qb4 17. b3 Qa3+ 18. Kb1 Nxd5 19. Nxd5 cxd5 20.
Qxd5 Rb6 21. Qe5 Rfb8 22. Qe8+ Rxe8 23. Rxe8+ Qf8 24. Rdd8 1-0

[Event "EU Championship 4th"]
[Site "Liverpool"]
[Date "2008.09.11"]
[Round "3.51"]
[White "Majer, Chris E"]
[Black "Trent, Lawrence"]
[Result "0-1"]
[WhiteElo "2091"]
[BlackElo "2470"]
[PlyCount "158"]
[EventDate "2008.09.09"]

1. e4 e5 2. Bc4 Nf6 3. d4 exd4 4. Nf3 Nc6 5. e5 d5 6. Bb5 Ne4 7. Nxd4 Bd7 8.
Bxc6 bxc6 9. O-O Bc5 10. Be3 Bb6 11. f3 Ng5 12. f4 Ne4 13. Nd2 Nxd2 14. Qxd2 c5
15. Nb3 d4 16. Bf2 Bb5 17. Rfe1 Qd5 18. f5 h6 19. Qf4 Bc6 20. Qg4 O-O-O 21. a4
a5 22. Nd2 Kb8 23. b3 g6 24. f6 Rde8 25. Nc4 h5 26. Qg5 h4 27. h3 Qe6 28. Re2
Rh5 29. Qf4 Bd5 30. Rae1 g5 31. Qg4 Rhh8 32. Qxe6 Rxe6 33. Kf1 Bb7 34. Bg1 Rg8
35. Bh2 Kc8 36. Rd2 g4 37. hxg4 Rxg4 38. Rf2 Kd7 39. Rd2 Kc6 40. Ree2 Ba6 41.
Rd3 Rg8 42. Kf2 Rge8 43. Red2 Kd5 44. Ne3+ Ke4 45. Nc4 Kd5 46. Ne3+ Kc6 47. Nc4
Rh8 48. Rh3 Ree8 49. Kf3 Kd5 50. Ne3+ Ke6 51. Nc4 Bb7+ 52. Kf2 Reg8 53. Kf1 Rh5
54. Re2 Rg4 55. Rd3 Rf5+ 56. Kg1 Rfg5 57. Rdd2 h3 58. g3 Ba6 59. Rd1 Rf5 60.
Rf1 Rxf1+ 61. Kxf1 Rg5 62. Kf2 Rf5+ 63. Kg1 Bb7 64. Re1 Bg2 65. Rd1 Bf3 66. Re1
Bg4 67. Rf1 Rxf1+ 68. Kxf1 Bd1 69. Na3 Kxe5 70. Ke1 Bg4 71. Kf2 Kxf6 72. Nc4
Bd1 73. Na3 Bg4 74. Nc4 Bf5 75. Na3 c4 76. Ke1 c3 77. Kd1 d3 78. cxd3 Bxd3 79.
g4 Kg5 0-1

[Event "EU Championship 4th"]
[Site "Liverpool"]
[Date "2008.09.11"]
[Round "3.52"]
[White "Groffen, Hans"]
[Black "Rizzi, Volfango"]
[Result "1-0"]
[WhiteElo "2228"]
[BlackElo "1855"]
[PlyCount "85"]
[EventDate "2008.09.09"]

1. d4 d5 2. c4 c6 3. Nf3 dxc4 4. a4 Nf6 5. Nc3 Bf5 6. e3 e6 7. Bxc4 Nbd7 8. O-O
Nb6 9. Bb3 Nbd5 10. Ne5 Be7 11. f3 O-O 12. e4 Nxc3 13. bxc3 Bg6 14. Be3 Qa5 15.
Qd2 Rfd8 16. Nc4 Qc7 17. Qf2 Rac8 18. Rfd1 c5 19. dxc5 Nd7 20. Nd6 Bxd6 21.
cxd6 Qxc3 22. Ba2 b6 23. Rac1 Qa3 24. Bg5 h6 25. Bf4 Rxc1 26. Bxc1 Qxa4 27. Qd2
Rc8 28. Bb1 a5 29. Bb2 Qb5 30. Bd4 Qc6 31. Be3 Rd8 32. Ba2 Ne5 33. Qd4 Nd7 34.
Rc1 Nc5 35. e5 Kf8 36. Qh4 Rd7 37. Qf2 Ke8 38. Bxc5 bxc5 39. Rxc5 Qa8 40. Bc4
Kf8 41. Bb5 Rb7 42. Qh4 f6 43. exf6 1-0

[Event "EU Championship 4th"]
[Site "Liverpool"]
[Date "2008.09.11"]
[Round "3.53"]
[White "Tebb, David J"]
[Black "Hawkins, James N H"]
[Result "1/2-1/2"]
[WhiteElo "2215"]
[BlackElo "2013"]
[PlyCount "56"]
[EventDate "2008.09.09"]

1. e4 d6 2. d4 g6 3. Be3 Bg7 4. Nc3 a6 5. Qd2 b5 6. Bd3 Nd7 7. a4 b4 8. Nce2 c5
9. c3 bxc3 10. bxc3 Qa5 11. Nf3 Bb7 12. O-O Ngf6 13. e5 dxe5 14. dxe5 Ng4 15.
e6 Nde5 16. exf7+ Nxf7 17. Bc4 Rd8 18. Qa2 Nfe5 19. Nxe5 Nxe5 20. Be6 Qc7 21.
Rad1 Rd6 22. Rxd6 Qxd6 23. Nf4 Rf8 24. Qb3 Rxf4 25. Bxf4 Qc6 26. Bh3 c4 27. Qc2
Nd3 28. Be3 Qe4 1/2-1/2

[Event "EU Championship 4th"]
[Site "Liverpool"]
[Date "2008.09.11"]
[Round "3.54"]
[White "James, David"]
[Black "Roy, Ali"]
[Result "1-0"]
[WhiteElo "2177"]
[BlackElo "1693"]
[PlyCount "91"]
[EventDate "2008.09.09"]

1. d4 d5 2. c4 c6 3. Nf3 Nf6 4. Nc3 e6 5. e3 Bd6 6. Bd3 Nbd7 7. O-O O-O 8. e4
dxc4 9. Bxc4 e5 10. Bg5 Qe7 11. Bb3 h6 12. Bh4 exd4 13. Nxd4 Nc5 14. Bc2 Be5
15. f4 Bg4 16. fxe5 Bxd1 17. exf6 Qe5 18. Raxd1 g6 19. Bg3 Qe8 20. Bd6 Nd7 21.
e5 Kh7 22. Rde1 Qd8 23. Bxf8 Nxf8 24. Nb3 Ne6 25. Rd1 Qc7 26. Rfe1 Re8 27. Ne4
Nf4 28. Nd6 Rd8 29. Kh1 Nd5 30. Nc5 b6 31. Nce4 Qd7 32. Bb3 Qe6 33. Nc3 Rf8 34.
Nxd5 cxd5 35. Bxd5 Qd7 36. Bxf7 Qc6 37. e6 Rd8 38. e7 Rb8 39. e8=Q Rxe8 40.
Bxe8 Qc2 41. f7 Kg7 42. Nb7 Qxb2 43. Nd8 Qxa2 44. Ne6+ Kh7 45. f8=Q a5 46. Qg7#
1-0

[Event "EU Championship 4th"]
[Site "Liverpool"]
[Date "2008.09.11"]
[Round "3.55"]
[White "Lam, Paul G M"]
[Black "Coates, David H"]
[Result "1-0"]
[WhiteElo "2104"]
[BlackElo "2037"]
[PlyCount "53"]
[EventDate "2008.09.09"]

1. e4 c5 2. Nf3 d6 3. d4 cxd4 4. Qxd4 a6 5. Bg5 Nc6 6. Qd2 h6 7. Bh4 g5 8. Bg3
Bg7 9. c3 Bd7 10. Bc4 Nf6 11. e5 dxe5 12. Nxe5 Nxe5 13. Bxe5 Bc6 14. O-O Qa5
15. Qe2 O-O 16. b4 Qb6 17. Nd2 Rac8 18. Rae1 Qd8 19. f4 Qd7 20. fxg5 hxg5 21.
Bd4 Rfe8 22. Nf3 Bxf3 23. Rxf3 b5 24. Bb3 Qg4 25. Ref1 Qh5 26. Qe5 Qg6 27. Rf5
1-0

[Event "EU Championship 4th"]
[Site "Liverpool"]
[Date "2008.09.11"]
[Round "3.56"]
[White "Gorman, John A"]
[Black "Kennaugh, Charles W"]
[Result "0-1"]
[WhiteElo "1937"]
[BlackElo "2281"]
[PlyCount "32"]
[EventDate "2008.09.09"]

1. Nf3 d6 2. b3 e5 3. e3 f5 4. c4 Nf6 5. Bb2 Be7 6. Be2 O-O 7. O-O Kh8 8. Nc3
Na6 9. d3 Qe8 10. Nd2 Qg6 11. f4 Bd7 12. Nd5 Nxd5 13. cxd5 exf4 14. exf4 Nb4
15. Rc1 Nxd5 16. Bf3 Ne3 0-1

[Event "EU Championship 4th"]
[Site "Liverpool"]
[Date "2008.09.11"]
[Round "3.57"]
[White "Naslund, Mikael"]
[Black "Potter, Steven"]
[Result "1-0"]
[WhiteElo "2243"]
[BlackElo "1940"]
[PlyCount "53"]
[EventDate "2008.09.09"]

1. d4 e6 2. c4 b6 3. d5 Bb7 4. e4 f5 5. exf5 Bb4+ 6. Nc3 exf5 7. Bd2 Qe7+ 8.
Be2 Na6 9. Nf3 Nh6 10. O-O O-O-O 11. Bg5 Qf7 12. Bxd8 Rxd8 13. Qc2 Bd6 14. Nb5
Bf4 15. g3 c6 16. gxf4 cxb5 17. cxb5+ Nc5 18. b4 Ng4 19. bxc5 Kb8 20. c6 Qg6
21. Ng5 dxc6 22. dxc6 Qh5 23. c7+ Kc8 24. cxd8=Q+ Kxd8 25. Qd3+ Ke8 26. Bxg4
Qxg4+ 27. Qg3 1-0